[Event "Rodovremesterskabet Gruppe B 2007"]
[Site "Rodovre"]
[Date "2007.09.04"]
[Round "1"]
[White "Helleshoj, Knud Erik"]
[Black "Nielsen, Niels Holger"]
[Result "1-0"]
[WhiteElo "1527"]
[BlackElo "1489"]
[PlyCount "30"]
[EventDate "2007.??.??"]
[SourceDate "2005.11.09"]

1. e4 e5 2. Nf3 Nc6 3. d4 exd4 4. c3 dxc3 5. Nxc3 Bb4 6. Bc4 Bxc3+ 7. bxc3 Qe7
8. O-O d6 9. Qb3 Na5 10. Qa4+ Nc6 11. Bf4 Bd7 12. Qb3 Na5 13. Qb4 Nxc4 14. Qxc4
Bc6 15. Nd4 Qe6 1-0

[Event "Rodovremesterskabet Gruppe B 2007"]
[Site "Rodovre"]
[Date "2007.09.04"]
[Round "1"]
[White "Rugaard, Michael R"]
[Black "Hviid, Jens Carl"]
[Result "1-0"]
[WhiteElo "1442"]
[BlackElo "1441"]
[PlyCount "93"]
[EventDate "2007.??.??"]
[SourceDate "2005.11.09"]

1. e4 d6 2. d4 e5 3. dxe5 Qe7 4. Nc3 dxe5 5. Nf3 Nc6 6. Bd2 Bg4 7. Be2 Bxf3 8.
Bxf3 Nd4 9. Nd5 Nxf3+ 10. Qxf3 Qd7 11. O-O-O Bd6 12. Bb4 Ne7 13. Nxc7+ Qxc7 14.
Bxd6 Qa5 15. Qb3 Qb6 16. Bxe5 Qxb3 17. axb3 a5 18. Rd4 Nc6 19. Rd5 Nb4 20. Rb5
Nc6 21. Rd1 f6 22. Bg3 O-O 23. Rxb7 Rf7 24. Rdd7 Rxd7 25. Rxd7 a4 26. Rb7 axb3
27. Rxb3 Nd4 28. Rb8+ Rxb8 29. Bxb8 Kf7 30. Kd2 Ke6 31. Kd3 Nc6 32. Bf4 h5 33.
h4 g6 34. c3 Ne7 35. b4 Kd7 36. c4 Kc6 37. g3 Kb6 38. Be3+ Kc6 39. b5+ Kc7 40.
f4 Kb7 41. Bd4 f5 42. e5 Kc7 43. Bc5 Nc8 44. e6 Kd8 45. Kd4 Ke8 46. Kd5 Kd8 47.
b6 1-0

[Event "Rodovremesterskabet Gruppe B 2007"]
[Site "Rodovre"]
[Date "2007.09.04"]
[Round "1"]
[White "Nielsen, Kurt Sogaard"]
[Black "Gemzoe, Bjorn"]
[Result "1-0"]
[WhiteElo "1594"]
[BlackElo "1524"]
[PlyCount "185"]
[EventDate "2007.??.??"]
[SourceDate "2005.11.09"]

1. d4 e6 2. Nf3 Ne7 3. c4 Ng6 4. Nc3 Be7 5. e4 d6 6. Be3 b6 7. Bd3 c5 8. O-O
O-O 9. Qd2 f5 10. exf5 exf5 11. Nd5 Nc6 12. dxc5 bxc5 13. Rfe1 Nce5 14. Nxe5
dxe5 15. f3 Bd6 16. Rad1 f4 17. Bf2 Nh4 18. Bxh4 Qxh4 19. Qf2 Qg5 20. Be4 Rb8
21. b3 Bf5 22. Nxf4 Qxf4 23. Rxd6 Bxe4 24. Rxe4 Qc1+ 25. Re1 Qc3 26. Qe2 Rbe8
27. Rd3 Qb4 28. Re3 Rf5 29. g4 Rf4 30. Rxe5 Ref8 31. Rf1 Qb7 32. Kg2 Rxg4+ 33.
Kh1 Rgf4 34. Rd5 Qf7 35. Rxc5 Re8 36. Qd3 Qe7 37. Rh5 h6 38. Kg2 Qf6 39. Rf2 g6
40. Rh3 Kg7 41. Rg3 g5 42. Re2 Rd8 43. Qe3 Rf8 44. Qe7+ Rf7 45. Qxf6+ R4xf6 46.
h4 Rg6 47. hxg5 hxg5 48. Re5 Kf6 49. Rd5 Re7 50. Kf2 Re6 51. Rg4 Rc6 52. Rgd4
Ke6 53. Ra5 a6 54. Rad5 Ke7 55. a4 Rb6 56. Rd3 g4 57. c5 g3+ 58. Kg2 Rbe6 59.
Rd2 Re1 60. Rc2 Rh6 61. Kxg3 Rg1+ 62. Kf4 Rh4+ 63. Ke3 Re1+ 64. Kd2 Rf1 65. Rd3
Rhh1 66. c6 Rd1+ 67. Kc3 Rxd3+ 68. Kxd3 Kd8 69. Kd4 Rd1+ 70. Kc5 Kc7 71. Rc3
Rd6 72. Kb4 Rd5 73. Rc5 Rd4+ 74. Kc3 Rf4 75. Rc4 Rxf3+ 76. Kb4 Rf5 77. Rc5 Rf4+
78. Ka5 Re4 79. Kxa6 Rb4 80. Rb5 Re4 81. b4 Kxc6 82. Rc5+ Kd7 83. Kb5 Re8 84.
a5 Rb8+ 85. Ka4 Kd6 86. Rc2 Rb7 87. a6 Rf7 88. Ka5 Rf1 89. b5 Ra1+ 90. Kb6 Ra3
91. a7 Kd7 92. Kb7 Rb3 93. b6 1-0

[Event "Rodovremesterskabet Gruppe B 2007"]
[Site "Rodovre"]
[Date "2007.09.06"]
[Round "1"]
[White "Rohder, Bjarne"]
[Black "Hansen, Ernst Mader"]
[Result "0-1"]
[WhiteElo "1405"]
[BlackElo "1424"]
[PlyCount "98"]
[EventDate "2007.??.??"]
[SourceDate "2005.11.09"]

1. e4 d5 2. exd5 Qxd5 3. Qf3 Nf6 4. Nc3 Qa5 5. Bc4 c6 6. Ne4 Nbd7 7. a3 Ne5 8.
Nxf6+ gxf6 9. Qe2 Nxc4 10. Qxc4 Be6 11. Qf4 Qe5+ 12. Ne2 Rg8 13. d4 Qxf4 14.
Nxf4 O-O-O 15. Be3 Bd5 16. O-O-O Kb8 17. Rhg1 e6 18. f3 Be7 19. Nxd5 cxd5 20.
g3 e5 21. Rgf1 Rg6 22. f4 e4 23. f5 Rg4 24. h3 Rgg8 25. g4 b6 26. Kb1 Kb7 27.
b4 Rc8 28. Kb2 Rc4 29. c3 Rgc8 30. Rc1 a5 31. h4 b5 32. g5 a4 33. h5 Rg8 34. g6
fxg6 35. fxg6 hxg6 36. h6 f5 37. h7 Rh8 38. Rh1 g5 39. Rcg1 f4 40. Bxf4 gxf4
41. Rg7 Rc7 42. Rg8 Rc8 43. Rg7 Rce8 44. Rh5 Kc6 45. Rh6+ Bd6 46. Rhg6 e3 47.
Rg8 e2 48. Rxe8 Rxe8 49. Re6 Rh8 0-1

[Event "Rodovremesterskabet Gruppe B 2007"]
[Site "Rodovre"]
[Date "2007.09.11"]
[Round "2"]
[White "Nielsen, Niels Holger"]
[Black "Rugaard, Michael R"]
[Result "1-0"]
[WhiteElo "1489"]
[BlackElo "1442"]
[PlyCount "57"]
[EventDate "2007.??.??"]
[SourceDate "2005.11.09"]

1. d4 e6 2. e4 c5 3. c3 b6 4. Nf3 Bb7 5. Qc2 Nf6 6. Bg5 Bxe4 7. Bxf6 Bxc2 8.
Bxd8 Kxd8 9. Ne5 Ke7 10. Nd2 d6 11. Nec4 Nc6 12. Ne3 Bg6 13. dxc5 bxc5 14. Be2
f5 15. f4 h6 16. Bf3 Be8 17. O-O-O g5 18. g3 d5 19. Rhe1 Kf7 20. Nxd5 exd5 21.
Bh5+ Kf6 22. Bxe8 Ne7 23. Ba4 Ng6 24. Nf3 gxf4 25. Rxd5 fxg3 26. hxg3 h5 27.
Bc2 f4 28. gxf4 Bh6 29. Rd6+ 1-0

[Event "Rodovremesterskabet Gruppe B 2007"]
[Site "Rodovre"]
[Date "2007.09.11"]
[Round "2"]
[White "Rohder, Bjarne"]
[Black "Nielsen, Kurt Sogaard"]
[Result "1-0"]
[WhiteElo "1405"]
[BlackElo "1594"]
[PlyCount "42"]
[EventDate "2007.??.??"]
[SourceDate "2005.11.09"]

1. e4 c5 2. Nf3 e6 3. d4 cxd4 4. Nxd4 Nc6 5. c3 Nf6 6. Bd3 a6 7. Bf4 d6 8. Nxc6
bxc6 9. e5 Nd5 10. Bg3 Nc7 11. Qe2 d5 12. Nd2 Be7 13. Qg4 O-O 14. Nf3 f5 15.
exf6 Bxf6 16. Ne5 Bxe5 17. Bxe5 Ne8 18. Qh5 Nf6 19. Bxf6 Qxf6 20. Bxh7+ Kh8 21.
Bg6+ Kg8 1-0

[Event "Rodovremesterskabet Gruppe B 2007"]
[Site "Rodovre"]
[Date "2007.09.11"]
[Round "2"]
[White "Gemzoe, Bjorn"]
[Black "Helleshoj, Knud Erik"]
[Result "0-1"]
[WhiteElo "1524"]
[BlackElo "1527"]
[PlyCount "80"]
[EventDate "2007.??.??"]
[SourceDate "2005.11.09"]

1. e3 d5 2. Ne2 c5 3. Ng3 e6 4. Be2 Nf6 5. d3 Bd6 6. f4 O-O 7. O-O a6 8. b3 e5
9. f5 e4 10. Qe1 Qc7 11. Bb2 Bxg3 12. hxg3 exd3 13. cxd3 Nbd7 14. Nd2 Re8 15.
Bd1 d4 16. e4 Ne5 17. Be2 Qd6 18. Nc4 Nxc4 19. bxc4 b5 20. cxb5 axb5 21. Bc1
Ba6 22. Bf4 Qb6 23. Bf3 Nd5 24. Qd2 Nxf4 25. Qxf4 f6 26. Rac1 c4 27. Rfd1 c3
28. Kh2 Bb7 29. Ra1 b4 30. Qc1 Re5 31. Qc2 Rea5 32. Qb3+ Kh8 33. Rdb1 Rb5 34.
a4 Rba5 35. Bd1 Bc6 36. Qe6 Re5 37. Qd6 Rb8 38. Rb3 h6 39. Rab1 Bxa4 40. Rxb4
Qxd6 0-1

[Event "Rodovremesterskabet Gruppe B 2007"]
[Site "Rodovre"]
[Date "2007.09.11"]
[Round "2"]
[White "Hansen, Ernst Mader"]
[Black "Hviid, Jens Carl"]
[Result "1-0"]
[WhiteElo "1424"]
[BlackElo "1441"]
[PlyCount "31"]
[EventDate "2007.??.??"]
[SourceDate "2005.11.09"]

1. e4 Nf6 2. Nc3 d6 3. d4 g6 4. h3 Bg7 5. Be3 O-O 6. Qd2 Nc6 7. Nf3 d5 8. O-O-O
dxe4 9. Ng5 Nd5 10. Ngxe4 Nxe3 11. fxe3 e6 12. h4 Bh6 13. g4 Nxd4 14. g5 Bxg5
15. hxg5 Nc6 16. Qh2 1-0

[Event "Rodovremesterskabet Gruppe B 2007"]
[Site "Rodovre"]
[Date "2007.09.18"]
[Round "3"]
[White "Rugaard, Michael R"]
[Black "Gemzoe, Bjorn"]
[Result "1-0"]
[WhiteElo "1442"]
[BlackElo "1524"]
[PlyCount "127"]
[EventDate "2007.??.??"]
[SourceDate "2005.11.09"]

1. e4 b6 2. d4 e6 3. c4 Bb4+ 4. Bd2 Be7 5. Bd3 c5 6. d5 d6 7. Ne2 e5 8. O-O g6
9. Bc3 h5 10. f4 f6 11. Ng3 Bg4 12. Be2 Bxe2 13. Qxe2 h4 14. Nh1 Qd7 15. h3 Na6
16. a3 O-O-O 17. b4 g5 18. fxe5 dxe5 19. Nf2 Nh6 20. Nd2 Rhg8 21. Nb3 Rg7 22.
bxc5 Nxc5 23. Nd2 Rdg8 24. Ng4 Nxg4 25. Qxg4 Qxg4 26. hxg4 Na4 27. Bb4 Nc5 28.
Rf3 a5 29. Bxc5 Bxc5+ 30. Kh2 Rg6 31. a4 Rh8 32. Nb1 Rgh6 33. Nc3 h3 34. gxh3
Rh4 35. Rd1 Rxg4 36. Rxf6 Rf4 37. Rxf4 gxf4 38. Rd3 Rg8 39. h4 Bg1+ 40. Kh1 Bf2
41. h5 Bg3 42. Ne2 Bh4 43. Rh3 Bg5 44. Ng1 Bh6 45. Nf3 Re8 46. Nh4 Bg5 47. Nf5
Rh8 48. Kg2 Kd7 49. Kf3 Bh6 50. Rh2 Bf8 51. h6 Be7 52. Rg2 Bf6 53. Rg6 Rf8 54.
Ng7 Bxg7 55. Rxg7+ Kd6 56. Rb7 Kc5 57. h7 Rh8 58. Kg4 Rf8 59. Rg7 Rh8 60. Rf7
Re8 61. Kg5 Kd4 62. Kg6 Kxe4 63. Kg7 f3 64. h8=Q 1-0

[Event "Rodovremesterskabet Gruppe B 2007"]
[Site "Rodovre"]
[Date "2007.09.19"]
[Round "3"]
[White "Hviid, Jens Carl"]
[Black "Nielsen, Niels Holger"]
[Result "0-1"]
[WhiteElo "1441"]
[BlackElo "1489"]
[PlyCount "68"]
[EventDate "2007.??.??"]
[SourceDate "2005.11.09"]

1. c4 e5 2. Nc3 Nf6 3. g3 Be7 4. Bg2 O-O 5. Nf3 d6 6. O-O Nbd7 7. d4 exd4 8.
Nxd4 c6 9. Nf5 Ne5 10. Nxe7+ Qxe7 11. b3 Rd8 12. a4 Bd7 13. Ba3 Be8 14. Qc2 Qc7
15. Ne4 Nxe4 16. Bxe4 Ng6 17. h4 f6 18. Rad1 Bf7 19. Rd2 a5 20. Rfd1 c5 21. Bf5
Nf8 22. Rd3 Ne6 23. e3 Qe7 24. Qd2 Ra6 25. Bxe6 Bxe6 26. Bxc5 Bg4 27. Re1 Qe4
28. Rxd6 Raxd6 29. Bxd6 Qf3 30. c5 Bh3 31. Qd5+ Qxd5 32. e4 Qd2 33. Rb1 Qd3 34.
Rc1 Qf3 0-1

[Event "Rodovremesterskabet Gruppe B 2007"]
[Site "Rodovre"]
[Date "2007.09.18"]
[Round "3"]
[White "Nielsen, Kurt Sogaard"]
[Black "Hansen, Ernst Mader"]
[Result "1/2-1/2"]
[WhiteElo "1594"]
[BlackElo "1424"]
[PlyCount "107"]
[EventDate "2007.??.??"]
[SourceDate "2005.11.09"]

1. d4 Nf6 2. c4 g6 3. Nc3 d5 4. e3 Bg7 5. Nf3 O-O 6. Be2 a6 7. O-O c6 8. cxd5
cxd5 9. b3 e6 10. Ba3 Re8 11. Rc1 b5 12. Bb2 Bd7 13. b4 Nc6 14. a3 Qb6 15. Bd3
Rac8 16. Bb1 a5 17. bxa5 Nxa5 18. Ne5 Nc4 19. Nxd7 Nxd7 20. Qc2 Bf8 21. Qe2
Nxa3 22. Bd3 Nc4 23. h4 Ra8 24. h5 Qc6 25. e4 Qb6 26. hxg6 fxg6 27. Nd1 Nxb2
28. Qxb2 Ba3 29. Qxb5 Bxc1 30. Qxd7 Qxd4 31. Bb5 Rab8 32. Qc6 Bd2 33. Qa6 Re7
34. Qd6 Qa7 35. Bd3 Qc7 36. Qa3 Bb4 37. Qb3 Qd6 38. exd5 Ba5 39. Qa2 Bc7 40. g3
exd5 41. Nc3 Re5 42. Rd1 Kg7 43. Nb5 Qe7 44. Qa1 Bb6 45. Kg2 Qf6 46. Qb2 Bc5
47. Qc2 Qb6 48. Rb1 d4 49. Qa4 Qc6+ 50. Kg1 Qe8 51. Kg2 Ra8 52. Qc2 Qc6+ 53.
Kg1 Rh5 54. -- 1/2-1/2

[Event "Rodovremesterskabet Gruppe B 2007"]
[Site "Rodovre"]
[Date "2007.09.22"]
[Round "3"]
[White "Helleshoj, Knud Erik"]
[Black "Rohder, Bjarne"]
[Result "0-1"]
[WhiteElo "1527"]
[BlackElo "1405"]
[PlyCount "26"]
[EventDate "2007.??.??"]
[SourceDate "2005.11.09"]

1. e4 e5 2. Nf3 Nc6 3. d4 exd4 4. c3 dxc3 5. bxc3 Bc5 6. Bc4 Qf6 7. O-O Ne5 8.
Nxe5 Qxe5 9. Qb3 Nf6 10. Bxf7+ Kd8 11. Bb2 Ng4 12. g3 Rf8 13. h3 Qxg3+ 0-1

[Event "Rodovremesterskabet Gruppe B 2007"]
[Site "Rodovre"]
[Date "2007.09.25"]
[Round "4"]
[White "Nielsen, Kurt Sogaard"]
[Black "Helleshoj, Knud Erik"]
[Result "0-1"]
[WhiteElo "1594"]
[BlackElo "1527"]
[PlyCount "82"]
[EventDate "2007.??.??"]
[SourceDate "2005.11.09"]

1. d4 d5 2. c4 c6 3. Nc3 Nf6 4. e3 g6 5. Nf3 Bg7 6. Bd3 O-O 7. O-O Bg4 8. h3
Bxf3 9. Qxf3 e6 10. b3 Nbd7 11. Bb2 Re8 12. cxd5 Nxd5 13. Rad1 N7f6 14. e4 Nxc3
15. Bxc3 Qe7 16. a4 Red8 17. Qe3 Ne8 18. Bc2 Rac8 19. e5 Nc7 20. Be4 Nd5 21.
Bxd5 Rxd5 22. f4 Rcd8 23. Rd2 b6 24. b4 Qd7 25. Ra1 c5 26. bxc5 bxc5 27. Ba5
cxd4 28. Rxd4 Rxd4 29. Bxd8 Rd1+ 30. Rxd1 Qxd1+ 31. Kh2 Qxd8 32. Qxa7 Bh6 33.
g3 Bf8 34. h4 h5 35. a5 Bb4 36. a6 Be1 37. Qb7 Qd2+ 38. Qg2 Qe3 39. Kh3 Bf2 40.
Qxf2 Qxf2 41. g4 Qa7 0-1

[Event "Rodovremesterskabet Gruppe B 2007"]
[Site "Rodovre"]
[Date "2007.09.25"]
[Round "4"]
[White "Rohder, Bjarne"]
[Black "Rugaard, Michael R"]
[Result "1/2-1/2"]
[WhiteElo "1405"]
[BlackElo "1442"]
[PlyCount "115"]
[EventDate "2007.??.??"]
[SourceDate "2005.11.09"]

1. e4 e6 2. Nf3 Nc6 3. d4 b6 4. d5 exd5 5. exd5 Nb8 6. Bc4 Nf6 7. O-O Be7 8.
Re1 O-O 9. Bg5 Ba6 10. Bxa6 Nxa6 11. a3 Nc5 12. Nc3 Re8 13. b4 Nb7 14. Bxf6
Bxf6 15. Qd2 a5 16. Rad1 Nd6 17. Rxe8+ Qxe8 18. Re1 Qf8 19. Ne4 Nxe4 20. Rxe4
axb4 21. axb4 h6 22. h3 c5 23. d6 Qc8 24. bxc5 Qxc5 25. Qd3 g6 26. Rc4 Ra1+ 27.
Kh2 Be5+ 28. Nxe5 Qxe5+ 29. Qg3 Qe1 30. Qc3 Qxc3 31. Rxc3 Ra8 32. Rc7 Rd8 33.
Rb7 f5 34. Rxb6 Kf7 35. Kg3 Rc8 36. Rb7 Ke6 37. Kf4 Rxc2 38. Ke3 Rc6 39. Rb8
Kf6 40. h4 Rxd6 41. f3 Kg7 42. g4 Re6+ 43. Kd4 Re7 44. g5 hxg5 45. hxg5 Kf7 46.
Rb6 Re6 47. Rb7 Ke7 48. Rb5 Re1 49. Rb6 d6 50. Rb7+ Ke6 51. Rg7 Rd1+ 52. Ke3
Ke5 53. f4+ Kd5 54. Rxg6 Re1+ 55. Kf3 Ra1 56. Rf6 Ra3+ 57. Kf2 Ra2+ 58. Ke3
1/2-1/2

[Event "Rodovremesterskabet Gruppe B 2007"]
[Site "Rodovre"]
[Date "2007.09.25"]
[Round "4"]
[White "Hansen, Ernst Mader"]
[Black "Nielsen, Niels Holger"]
[Result "1-0"]
[WhiteElo "1424"]
[BlackElo "1489"]
[PlyCount "107"]
[EventDate "2007.??.??"]
[SourceDate "2005.11.09"]

1. e4 e5 2. Nf3 Nc6 3. Bc4 Nf6 4. d3 Be7 5. O-O O-O 6. c3 d6 7. h3 d5 8. exd5
Nxd5 9. Re1 Nb6 10. Bb3 Qd6 11. d4 exd4 12. Nxd4 a6 13. Nxc6 bxc6 14. Nd2 Bf5
15. Qf3 Bg6 16. Ne4 Qd7 17. Bf4 Rae8 18. Rad1 Qc8 19. Qg3 Bd8 20. Nc5 Rxe1+ 21.
Rxe1 a5 22. Qf3 Qf5 23. Nb7 Nd5 24. Bxd5 cxd5 25. Nxd8 Rxd8 26. Bxc7 Ra8 27.
Bxa5 Qd7 28. Bb4 f6 29. a3 Bf7 30. Re7 Qb5 31. b3 Rc8 32. Qf5 Qc6 33. Qd7 Qxd7
34. Rxd7 h6 35. Ba5 Rc6 36. Rd8+ Kh7 37. Rd7 Be6 38. Rc7 Rd6 39. b4 d4 40. cxd4
Rxd4 41. Bb6 Rd1+ 42. Kh2 Bb3 43. Bc5 Rd8 44. b5 Rb8 45. b6 Bd5 46. a4 Ra8 47.
Ra7 Rxa7 48. bxa7 Kg6 49. Kg3 f5 50. f3 Kf6 51. Bd4+ Kf7 52. Kf4 g6 53. Ke5 Bb7
54. Kd6 1-0

[Event "Rodovremesterskabet Gruppe B 2007"]
[Site "Rodovre"]
[Date "2007.09.25"]
[Round "4"]
[White "Gemzoe, Bjorn"]
[Black "Hviid, Jens Carl"]
[Result "1/2-1/2"]
[WhiteElo "1524"]
[BlackElo "1441"]
[PlyCount "106"]
[EventDate "2007.??.??"]
[SourceDate "2005.11.09"]

1. b3 Nf6 2. c4 d6 3. Nc3 Bf5 4. d3 d5 5. cxd5 g6 6. e4 Bc8 7. Nge2 Nbd7 8. Ng3
Bg7 9. f4 Nxd5 10. Nxd5 Bxa1 11. Ba3 Bf6 12. e5 c6 13. Nc3 Qa5 14. Bb2 Bh4 15.
Qg4 Bxg3+ 16. Qxg3 Nc5 17. Be2 Bf5 18. O-O h5 19. h3 O-O-O 20. Rd1 Qb6 21. d4
Ne6 22. Na4 Qc7 23. Qe3 b5 24. Nc3 Qb6 25. Ne4 Rd7 26. Ng5 Nxg5 27. fxg5 Be6
28. Kh2 Bd5 29. Qf4 e6 30. Qd2 a5 31. Rc1 Kb8 32. Rc5 Rhd8 33. b4 a4 34. a3 Be4
35. Qe3 Bd5 36. Qf4 Qb7 37. Qf6 Bb3 38. Bf3 Bd5 39. Be2 Rf8 40. Bc1 Ka7 41. Be3
Qb8 42. h4 Qd8 43. Bf3 Qxf6 44. gxf6 Bxf3 45. gxf3 Kb6 46. Rc2 Rd5 47. Kg3 Rfd8
48. Rd2 Rg8 49. Kf4 Rh8 50. Kg5 Kc7 51. Rc2 Kd7 52. Rc3 Kc7 53. Rc2 Kd7 1/2-1/2

[Event "Rodovremesterskabet Gruppe B 2007"]
[Site "Rodovre"]
[Date "2007.10.02"]
[Round "5"]
[White "Rugaard, Michael R"]
[Black "Nielsen, Kurt Sogaard"]
[Result "0-1"]
[WhiteElo "1442"]
[BlackElo "1594"]
[PlyCount "82"]
[EventDate "2007.??.??"]
[SourceDate "2005.11.09"]

1. e4 e5 2. Nf3 Nc6 3. Bc4 d6 4. c3 Na5 5. Be2 Nf6 6. d3 Be7 7. Be3 Ng4 8. O-O
O-O 9. d4 Nxe3 10. fxe3 exd4 11. exd4 Re8 12. Nbd2 Bf6 13. Bd3 Nc6 14. Qc2 h6
15. Rf2 Bg4 16. Raf1 Bh5 17. Qb3 Rb8 18. Bb1 Rf8 19. Qc2 Bg6 20. Qd1 Bh5 21. b4
a6 22. Kh1 Qe7 23. Nc4 b5 24. Ne3 Bg6 25. Nd5 Qd8 26. Nd2 Bg5 27. Nf3 Bh5 28.
Qd3 Bg6 29. Nxg5 Qxg5 30. Nf4 Bh7 31. Qf3 Qf6 32. e5 dxe5 33. Bxh7+ Kxh7 34.
Qe4+ Kg8 35. Nh5 Qg6 36. Nf6+ Kh8 37. Qxg6 fxg6 38. Nd7 Rxf2 39. Rxf2 Rd8 40.
Nc5 exd4 41. Nd3 dxc3 0-1

[Event "Rodovremesterskabet Gruppe B 2007"]
[Site "Rodovre"]
[Date "2007.10.02"]
[Round "5"]
[White "Nielsen, Niels Holger"]
[Black "Gemzoe, Bjorn"]
[Result "1-0"]
[WhiteElo "1489"]
[BlackElo "1524"]
[PlyCount "95"]
[EventDate "2007.??.??"]
[SourceDate "2005.11.09"]

1. e4 d6 2. d4 Nd7 3. Bb5 c6 4. Ba4 Nb6 5. Bb3 e6 6. Nf3 Ne7 7. Bg5 f6 8. Bh4
Ng6 9. Bg3 Be7 10. O-O O-O 11. c4 e5 12. c5+ d5 13. cxb6 axb6 14. exd5 cxd5 15.
dxe5 fxe5 16. Bxd5+ Kh8 17. Bxe5 Ra5 18. Nc3 Rxf3 19. Bxg7+ Kxg7 20. Qxf3 Bf6
21. Bb3 Rf5 22. Rad1 Qf8 23. Qe3 Be7 24. Ne4 Rf4 25. Qc3+ Kh6 26. Bd5 Bf5 27.
Ng3 Bc5 28. Nxf5+ Qxf5 29. Qh3+ Qxh3 30. gxh3 Rh4 31. Kg2 Rh5 32. f4 Ne7 33.
Bxb7 Nf5 34. Rd3 Ne3+ 35. Rxe3 Bxe3 36. Rf3 Bd4 37. b3 Ra5 38. a4 Ra7 39. Bd5
Rg7+ 40. Rg3 Rd7 41. Bc4 Bc5 42. Kf3 Rd2 43. Rg2 Rd7 44. Re2 Rg7 45. Re6+ Kh5
46. a5 Rb7 47. Ke4 Bg1 48. Be2+ 1-0

[Event "Rodovremesterskabet Gruppe B 2007"]
[Site "Rodovre"]
[Date "2007.10.02"]
[Round "5"]
[White "Hviid, Jens Carl"]
[Black "Rohder, Bjarne"]
[Result "0-1"]
[WhiteElo "1441"]
[BlackElo "1405"]
[PlyCount "110"]
[EventDate "2007.??.??"]
[SourceDate "2005.11.09"]

1. c4 e5 2. Nc3 Nf6 3. g3 Bc5 4. a3 Ng4 5. e3 d6 6. Qf3 c6 7. Nge2 Qf6 8. Qxf6
Nxf6 9. b4 Bb6 10. Bg2 Be6 11. d3 a5 12. Bb2 O-O 13. Na4 Bc7 14. c5 axb4 15.
axb4 Nbd7 16. O-O Bd5 17. e4 Bb3 18. Nac3 dxc5 19. Rxa8 Rxa8 20. bxc5 Nxc5 21.
d4 Nd3 22. Ra1 Rxa1+ 23. Bxa1 Bc4 24. Na4 b5 25. Nac3 b4 26. Nd1 Ne1 27. Nc1
Nxg2 28. Kxg2 exd4 29. Bxd4 Nxe4 30. f3 Ng5 31. Ne3 Bd5 32. Nxd5 cxd5 33. Bc5
f6 34. Bxb4 Kf7 35. f4 Ne4 36. Kf3 Ke6 37. Nb3 Bb6 38. Nd2 f5 39. h3 Nf2 40. h4
Nd3 41. Bf8 g6 42. Bg7 Bd8 43. Ke3 Nc5 44. Kd4 Bb6 45. Kc3 Ba5+ 46. Kc2 Bxd2
47. Kxd2 Ne4+ 48. Ke3 Nxg3 49. Kd4 Nf1 50. Bh6 Nh2 51. Ke3 Ng4+ 52. Kd4 Nxh6
53. Ke3 Kd6 54. Kd4 Ng4 55. Kd3 Kc5 0-1

[Event "Rodovremesterskabet Gruppe B 2007"]
[Site "Rodovre"]
[Date "2007.10.22"]
[Round "5"]
[White "Helleshoj, Knud Erik"]
[Black "Hansen, Ernst Mader"]
[Result "1/2-1/2"]
[WhiteElo "1527"]
[BlackElo "1424"]
[PlyCount "131"]
[EventDate "2007.??.??"]
[SourceDate "2005.11.09"]

1. e4 e5 2. Nf3 Nc6 3. d4 exd4 4. c3 d5 5. Bb5 Bg4 6. h3 dxe4 7. hxg4 exf3 8.
Qxf3 Nge7 9. O-O Qd7 10. cxd4 O-O-O 11. Be3 Qd5 12. Qxd5 Rxd5 13. Bc4 Rd6 14.
Bxf7 Nxd4 15. Na3 Nec6 16. Rfd1 Rf6 17. Bc4 Bxa3 18. bxa3 Nc2 19. Rac1 Nxe3 20.
fxe3 Ne5 21. Be2 Rhf8 22. Rd5 Ng6 23. Rf5 Nh4 24. Rh5 Nxg2 25. Rxh7 Nxe3 26.
Rxg7 R6f7 27. Rxf7 Rxf7 28. Rc3 Nd5 29. Rh3 Nf4 30. Rh8+ Kd7 31. Bc4 Rg7 32.
Kf2 Ng6 33. Ra8 Ne5 34. Be2 Nxg4+ 35. Bxg4+ Rxg4 36. Rxa7 Kc6 37. Ra5 Kb6 38.
Rf5 Rc4 39. Rf6+ c6 40. Ke3 Rc3+ 41. Kd4 Rxa3 42. Rf2 Ra5 43. Kc4 Ra4+ 44. Kb3
Rd4 45. Rf7 Ka6 46. Rf6 Ka5 47. Kc3 c5 48. Rf5 b6 49. Rf8 Ka4 50. Rb8 Kb5 51.
Kb3 c4+ 52. Kc3 Rd3+ 53. Kc2 Ra3 54. Kb2 Ra6 55. Rc8 Ra4 56. Rb8 Kc6 57. Rc8+
Kb7 58. Rh8 b5 59. Rh6 b4 60. Rh2 Kc6 61. Rc2 Kc5 62. Rg2 c3+ 63. Kb1 Ra8 64.
Rg5+ Kc4 65. Rg4+ Kd3 66. Rg3+ 1/2-1/2

[Event "Rodovremesterskabet Gruppe B 2007"]
[Site "Rodovre"]
[Date "2007.10.09"]
[Round "6"]
[White "Nielsen, Kurt Sogaard"]
[Black "Hviid, Jens Carl"]
[Result "1-0"]
[WhiteElo "1594"]
[BlackElo "1441"]
[PlyCount "87"]
[EventDate "2007.??.??"]
[SourceDate "2005.11.09"]

1. d4 Nf6 2. c4 d6 3. Nf3 Bg4 4. e3 Nbd7 5. Be2 c5 6. O-O cxd4 7. exd4 g6 8. h3
Bxf3 9. Bxf3 Qc7 10. b3 Bg7 11. Bb2 O-O 12. Nc3 a6 13. Re1 Rfe8 14. Qd2 Rad8
15. Re2 e5 16. Nd5 Nxd5 17. Bxd5 exd4 18. Rxe8+ Rxe8 19. Bxd4 Bxd4 20. Qxd4 Ne5
21. Rd1 Nc6 22. Qd2 Rd8 23. Kf1 Rd7 24. Qc3 Qa5 25. Qb2 Nb4 26. Re1 Qd8 27. Qd2
Nxd5 28. Qxd5 Qc7 29. Re8+ Kg7 30. Qd4+ f6 31. Re6 Qd8 32. g4 Kf7 33. Qd5 Kg7
34. f4 Qf8 35. c5 Qd8 36. cxd6 Kf8 37. Kg2 Rc7 38. Rxf6+ Kg7 39. Re6 Rc2+ 40.
Kf3 Rc3+ 41. Ke4 Rc1 42. Re7+ Kh8 43. Qe5+ Kg8 44. Qg7# 1-0

[Event "Rodovremesterskabet Gruppe B 2007"]
[Site "Rodovre"]
[Date "2007.10.19"]
[Round "6"]
[White "Hansen, Ernst Mader"]
[Black "Gemzoe, Bjorn"]
[Result "1-0"]
[WhiteElo "1424"]
[BlackElo "1524"]
[PlyCount "35"]
[EventDate "2007.??.??"]
[SourceDate "2005.11.09"]

1. e4 g6 2. d4 Bg7 3. Nf3 d6 4. h3 f5 5. Bd3 fxe4 6. Bxe4 d5 7. Bd3 Nf6 8. O-O
O-O 9. c3 Nbd7 10. Re1 c5 11. Qe2 c4 12. Bc2 Re8 13. Qe6+ Kh8 14. Ng5 Nf8 15.
Nf7+ Kg8 16. Nh6+ Kh8 17. Qg8+ Nxg8 18. Nf7# 1-0

[Event "Rodovremesterskabet Gruppe B 2007"]
[Site "Rodovre"]
[Date "2007.10.15"]
[Round "6"]
[White "Rohder, Bjarne"]
[Black "Nielsen, Niels Holger"]
[Result "1/2-1/2"]
[WhiteElo "1405"]
[BlackElo "1489"]
[PlyCount "60"]
[EventDate "2007.??.??"]
[SourceDate "2005.11.09"]

1. d4 d5 2. c4 c6 3. cxd5 cxd5 4. Bf4 e6 5. Bxb8 Rxb8 6. Qa4+ Bd7 7. Qc2 Nf6 8.
e3 Be7 9. Nf3 O-O 10. Be2 b5 11. Nbd2 Qb6 12. O-O Rfc8 13. Qb3 a5 14. Rac1 a4
15. Rxc8+ Rxc8 16. Qd3 b4 17. Ne5 Be8 18. f4 Nd7 19. Ndf3 Nf8 20. Qd2 f6 21.
Nd3 Qb7 22. Rc1 Rxc1+ 23. Qxc1 Nd7 24. Bd1 Nb6 25. Nd2 Bb5 26. Bc2 Qc8 27. Nc5
Kh8 28. Bd1 Nd7 29. Nd3 Qc6 30. Kf2 Qb7 1/2-1/2

[Event "Rodovremesterskabet Gruppe B 2007"]
[Site "Rodovre"]
[Date "2007.10.25"]
[Round "6"]
[White "Helleshoj, Knud Erik"]
[Black "Rugaard, Michael R"]
[Result "1-0"]
[WhiteElo "1527"]
[BlackElo "1442"]
[PlyCount "103"]
[EventDate "2007.??.??"]
[SourceDate "2005.11.09"]

1. e4 e5 2. Nf3 Nc6 3. d4 exd4 4. c3 d5 5. Bb5 dxe4 6. Nxd4 Bd7 7. Nxc6 Bxc6 8.
Bxc6+ bxc6 9. Qa4 Qd5 10. Bf4 Bd6 11. c4 Qc5 12. Be3 Qb4+ 13. Qxb4 Bxb4+ 14.
Nd2 O-O-O 15. a3 Bxd2+ 16. Bxd2 f5 17. Be3 a6 18. O-O Rd6 19. Bf4 Rd3 20. Rad1
Rxd1 21. Rxd1 Ne7 22. Be5 Rg8 23. Kf1 g6 24. Ke2 Rd8 25. Rf1 Kb7 26. f3 Nc8 27.
fxe4 Re8 28. Bc3 Rxe4+ 29. Kd3 Nd6 30. b3 f4 31. Bd2 c5 32. Rxf4 Rxf4 33. Bxf4
Nf5 34. Be5 Kc6 35. Ke4 Kb6 36. g4 Ne7 37. Bf6 Nc6 38. Bc3 h5 39. h3 Kb7 40.
Kd5 Kb6 41. Ke6 hxg4 42. hxg4 Nd4+ 43. Kf6 Nxb3 44. Kxg6 Nd4 45. Kf6 Kc6 46. g5
Kd7 47. g6 Nc6 48. g7 Ne7 49. Ba5 Ng8+ 50. Kf7 Nh6+ 51. Kf8 Kd8 52. Bd2 1-0